Statistics for U.S. States with the Most Skyscrapers

Click here to take the quiz!

General Stats

  • This quiz has been taken 237 times
    (236 since last reset)
  • The average score is 11 of 12

Answer Stats

# of skycrapersState% Correct
267New York
100%
49California
99%
61Florida
99%
114Illinois
99%
64Texas
99%
18Washington
98%
18Georgia
91%
18Massachusetts
89%
23Pennsylvania
87%
11Ohio
84%
17Nevada
76%
11New Jersey
75%

Score Distribution

Percentile by Number Answered

Percent of People with Each Score

Your Score History

You have not taken this quiz since the last reset